000 005480000a22001810004500
003 MACL
005 20160525114324.0
008 160525b xxu||||| |||| 00| 0 eng d
040 _aMACL
_cMACL
041 _aHindi
082 _a891.433
100 _aतिवारी, रीमा
_947861
245 _aजुआरी
_cरीमा तिवारी
260 _bकला साहित्‍य संस्‍थान
_c2005
_aदिल्‍ली
350 _a150
650 _aNovel
_959295
942 _cHIN
_k891.433/DOS/N
_2ddc
999 _c17743
_d17743